[Event "Montreal Mercredi 04"]
[Site "Montreal"]
[Date "2018.05.02"]
[Round "5"]
[White "Charette, Nicolas"]
[Black "Nesterov, Timour"]
[Result "0-1"]
[WhiteElo "1833"]
[BlackElo "1857"]
[PlyCount "66"]
[EventDate "2018.04.04"]
[EventType "swiss"]
[EventRounds "5"]
[EventCountry "CAN"]
[SourceTitle "EXT 2022"]
[Source "ChessBase"]
[SourceDate "2021.10.06"]
[SourceVersion "1"]
[SourceVersionDate "2021.10.06"]
[SourceQuality "1"]

1. e4 e6 2. d4 d5 3. Nc3 Nf6 4. e5 Nfd7 5. f4 c5 6. Nf3 Nc6 7. Ne2 cxd4 8. Nexd4 Be7 9. c3 Nc5 10. Bd3 Nxd3+ 11. Qxd3 Bd7 12. Be3 Rc8 13. 0-0 g6 14. Kh1 h5 15. Nxc6 bxc6 16. b4 c5 17. b5 Qa5 18. a4 0-0 19. c4 Rfd8 20. Bd2 Qc7 21. Rfb1 Rb8 22. a5 dxc4 23. Qxc4 Qb7 24. b6 axb6 25. Rxb6 Qa8 26. Rxb8 Qxb8 27. Qc2 Bb5 28. Rb1 Qb7 29. a6 Qxa6 30. Rc1 Bd3 31. Qc3 Be4 32. Ng5 Bxg5 33. fxg5 Qe2 0-1

[Event "Montreal Mercredi 04"]
[Site "Montreal"]
[Date "2018.05.01"]
[Round "2"]
[White "Zumsteg, Nicolas"]
[Black "Charette, Nicolas"]
[Result "0-1"]
[WhiteElo "1828"]
[BlackElo "1833"]
[PlyCount "108"]
[EventDate "2018.04.04"]
[EventType "swiss"]
[EventRounds "5"]
[EventCountry "CAN"]
[SourceTitle "EXT 2022"]
[Source "ChessBase"]
[SourceDate "2021.10.06"]
[SourceVersion "1"]
[SourceVersionDate "2021.10.06"]
[SourceQuality "1"]

1. e4 e5 2. Nf3 Nc6 3. Bc4 Nf6 4. Ng5 d5 5. exd5 Na5 6. Bb5+ c6 7. dxc6 bxc6 8. Bd3 Ng4 9. Ne4 f5 10. Be2 Nh6 11. Ng3 Bc5 12. d3 Ng4 13. Bxg4 fxg4 14. Ne4 Bb6 15. 0-0 0-0 16. Nbc3 Nb7 17. Bg5 Qe8 18. Bh4 Bf5 19. Bg3 h5 20. Qd2 Bd8 21. f4 h4 22. Bf2 Bxe4 23. Nxe4 exf4 24. Rae1 Qh5 25. Qc3 g3 26. Qb3+ Kh8 27. Qxb7 gxf2+ 28. Nxf2 Bf6 29. Qxc6 Rac8 30. Qa4 Bxb2 31. Re4 g5 32. h3 f3 33. Rg4 fxg2 34. Kxg2 Be5 35. Ne4 Rxf1 36. Kxf1 Rf8+ 37. Ke1 Qf7 38. Rg1 Bc3+ 39. Nxc3 Qf2+ 40. Kd1 Qxg1+ 41. Kd2 Qf2+ 42. Ne2 Kg7 43. Qg4 Qc5 44. d4 Qa5+ 45. Kd3 Qf5+ 46. Qxf5 Rxf5 47. Ke4 Ra5 48. d5 Rxa2 49. Nd4 Ra4 50. Ke5 Rxd4 51. Kxd4 g4 52. hxg4 h3 53. Kc5 h2 54. d6 h1Q 0-1

[Event "Montreal Mercredi 10"]
[Site "Montreal"]
[Date "2017.10.18"]
[Round "2"]
[White "Charette, Nicolas"]
[Black "Millette, Sylvain"]
[Result "1-0"]
[WhiteElo "1683"]
[BlackElo "1772"]
[PlyCount "51"]
[EventDate "2017.10.11"]
[EventType "swiss"]
[EventRounds "5"]
[EventCountry "CAN"]
[SourceTitle "EXT 2022"]
[Source "ChessBase"]
[SourceDate "2021.10.06"]
[SourceVersion "1"]
[SourceVersionDate "2021.10.06"]
[SourceQuality "1"]

1. d4 Nf6 2. Bf4 g6 3. e3 Bg7 4. Nf3 0-0 5. Nbd2 d5 6. h3 c5 7. c3 cxd4 8. cxd4 Qa5 9. Be2 Nc6 10. 0-0 Bd7 11. a3 Qd8 12. b4 Re8 13. Bh2 Rc8 14. Nb3 Ne4 15. Rc1 Nb8 16. Nc5 Nxc5 17. bxc5 b6 18. Bxb8 Rxb8 19. c6 Bxc6 20. Rxc6 e6 21. Ba6 b5 22. Qb3 Qa5 23. Qb4 Qxb4 24. axb4 Bf8 25. Rb1 Rb6 26. Rxb6 1-0

[Event "Montreal CMA Futurity ABCD"]
[Site "Montreal"]
[Date "2017.04.16"]
[Round "4"]
[White "Turgeon, Yoakim"]
[Black "Charette, Nicolas"]
[Result "1-0"]
[WhiteElo "1822"]
[BlackElo "1639"]
[PlyCount "45"]
[EventDate "2017.04.14"]
[EventType "swiss"]
[EventRounds "5"]
[EventCountry "CAN"]
[SourceTitle "EXT 2022"]
[Source "ChessBase"]
[SourceDate "2021.10.06"]
[SourceVersion "1"]
[SourceVersionDate "2021.10.06"]
[SourceQuality "1"]

1. d4 c5 2. e3 cxd4 3. exd4 Nf6 4. f4 e6 5. Bd3 d5 6. Nf3 Nc6 7. c3 b6 8. 0-0 Bd6 9. Ne5 Qc7 10. Bb5 Bb7 11. Qa4 Rc8 12. Bd3 a6 13. Nd2 b5 14. Qd1 b4 15. Ndf3 h6 16. Qe2 Qb6 17. Kh1 Ne4 18. Bxe4 dxe4 19. Nd2 f5 20. Qh5+ Kd8 21. Ndc4 Qb5 22. Nf7+ Kc7 23. Nfxd6 1-0

[Event "Montreal CMA Futurity ABCD"]
[Site "Montreal"]
[Date "2017.04.15"]
[Round "2"]
[White "Baran, Marius"]
[Black "Charette, Nicolas"]
[Result "1-0"]
[WhiteElo "1759"]
[BlackElo "1639"]
[PlyCount "64"]
[EventDate "2017.04.14"]
[EventType "swiss"]
[EventRounds "5"]
[EventCountry "CAN"]
[SourceTitle "EXT 2022"]
[Source "ChessBase"]
[SourceDate "2021.10.06"]
[SourceVersion "1"]
[SourceVersionDate "2021.10.06"]
[SourceQuality "1"]

1. e4 e5 2. Nf3 Nc6 3. d4 exd4 4. Bc4 Nf6 5. e5 d5 6. Bb5 Ne4 7. Nxd4 Bd7 8. Bxc6 bxc6 9. 0-0 Bc5 10. Be3 Qe7 11. f3 Ng5 12. f4 Ne4 13. Nd2 Nxd2 14. Qxd2 0-0 15. Rae1 Bb6 16. Nb3 a5 17. f5 f6 18. e6 Be8 19. Qf2 a4 20. Nc5 Ra5 21. Nd3 Bxe3 22. Qxe3 g6 23. Qg3 Kh8 24. Qh4 gxf5 25. Ne5 Qc5+ 26. Kh1 fxe5 27. e7 Rf7 28. Rxe5 Qxc2 29. Qf4 Ra8 30. Qh6 Rg7 31. g3 Qc5 32. Qf6 Kg8 1-0

[Event "Quebec op U1700"]
[Site "Montreal"]
[Date "2016.07.29"]
[Round "8.55"]
[White "Charette, Nicolas"]
[Black "Yu, Xi Ming"]
[Result "0-1"]
[WhiteElo "1538"]
[BlackElo "1492"]
[PlyCount "60"]
[EventDate "2016.07.23"]
[EventType "swiss"]
[EventRounds "8"]
[EventCountry "CAN"]
[SourceTitle "EXT 2022"]
[Source "ChessBase"]
[SourceDate "2021.10.06"]
[SourceVersion "1"]
[SourceVersionDate "2021.10.06"]
[SourceQuality "1"]

1. d4 d5 2. c4 e6 3. Nc3 Nf6 4. cxd5 exd5 5. Bg5 Nbd7 6. e3 Be7 7. Bd3 h6 8. Bh4 c6 9. Qc2 b6 10. Nf3 Bb7 11. Bxf6 Bxf6 12. e4 dxe4 13. Bxe4 0-0 14. 0-0 Re8 15. Rad1 Rc8 16. b4 Qc7 17. Rfe1 Nf8 18. Bf5 Rcd8 19. Rxe8 Rxe8 20. Nd5 Qd6 21. Nxf6+ Qxf6 22. Ne5 Rd8 23. Be4 Ne6 24. Nxc6 Bxc6 25. Bxc6 Nxd4 26. Rxd4 Qxd4 27. g3 Qd1+ 28. Qxd1 Rxd1+ 29. Kg2 Ra1 30. a4 Rb1 0-1

[Event "Quebec op U1700"]
[Site "Montreal"]
[Date "2016.07.28"]
[Round "7.13"]
[White "Richard, Leo"]
[Black "Charette, Nicolas"]
[Result "0-1"]
[WhiteElo "1475"]
[BlackElo "1538"]
[PlyCount "150"]
[EventDate "2016.07.23"]
[EventType "swiss"]
[EventRounds "8"]
[EventCountry "CAN"]
[SourceTitle "EXT 2022"]
[Source "ChessBase"]
[SourceDate "2021.10.06"]
[SourceVersion "1"]
[SourceVersionDate "2021.10.06"]
[SourceQuality "1"]

1. e4 e5 2. Nf3 Nf6 3. Nxe5 d6 4. Nf3 Nxe4 5. d4 d5 6. Bd3 Be7 7. 0-0 0-0 8. c4 Nf6 9. Re1 Nc6 10. Nc3 Nb4 11. cxd5 Nfxd5 12. Bc4 Nb6 13. Bb3 Bg4 14. Qe2 Bf6 15. Bf4 Qd7 16. Ne5 Bxe5 17. Qxe5 Nd3 18. Qxc7 Nxe1 19. Rxe1 Rfe8 20. Rxe8+ Rxe8 21. h3 Qxc7 22. Bxc7 Na8 23. Be5 Bd7 24. Ne4 Bc6 25. Nd6 Re7 26. Nf5 Rd7 27. Nxg7 Kf8 28. Nf5 Nb6 29. Ne3 Ba4 30. Bxa4 Nxa4 31. d5 Nb6 32. d6 Nc8 33. Nf5 Nb6 34. Ne3 Nc8 35. Nf5 a6 36. Kh2 Na7 37. Kg3 Nb5 38. Kh4 Kg8 39. Kg5 b6 40. a4 Na7 41. Bg7 Nc8 42. Kf6 h5 43. Ne7+ Nxe7 44. dxe7 Rd6+ 45. Kf5 Re6 46. Bf6 Kh7 47. Kg5 h4 48. Kxh4 Kg6 49. Bg5 Re4+ 50. g4 b5 51. axb5 axb5 52. f4 f6 53. f5+ Kg7 54. Bd2 Rxe7 55. Bc3 Re4 56. Kh5 b4 57. Bd2 b3 58. Bc3 Rc4 59. Be1 Rc2 60. h4 Kh7 61. g5 fxg5 62. hxg5 Rh2+ 63. Kg4 Rxb2 64. Bc3 Rg2+ 65. Kh5 Rh2+ 66. Kg4 b2 67. Bxb2 Rxb2 68. Kf4 Rb5 69. Ke4 Kg7 70. Kf4 Kf7 71. Ke4 Ke7 72. Kf4 Rb4+ 73. Ke5 Rg4 74. g6 Rg5 75. Kf4 Kf6 0-1

[Event "Montreal CC-ch"]
[Site "Montreal"]
[Date "2016.06.10"]
[Round "1.2"]
[White "Leveille, Francois"]
[Black "Charette, Nicolas"]
[Result "1-0"]
[WhiteElo "2351"]
[BlackElo "1585"]
[PlyCount "58"]
[EventDate "2016.06.10"]
[EventType "swiss"]
[EventRounds "5"]
[EventCountry "CAN"]
[SourceTitle "EXT 2022"]
[Source "ChessBase"]
[SourceDate "2021.10.06"]
[SourceVersion "1"]
[SourceVersionDate "2021.10.06"]
[SourceQuality "1"]

1. e4 e5 2. Bc4 Nf6 3. d3 Nc6 4. Nf3 h6 5. 0-0 Bc5 6. b4 Bxb4 7. c3 Be7 8. Re1 0-0 9. Nbd2 d6 10. d4 Nd7 11. Nf1 Na5 12. Bd3 Nc6 13. Ng3 Nb6 14. h3 Bf6 15. Be3 Re8 16. Nh5 d5 17. Nxf6+ Qxf6 18. dxe5 Nxe5 19. Nxe5 Qxe5 20. Bd4 Qe7 21. Re3 Nd7 22. exd5 Qf8 23. Rg3 Ne5 24. Bc2 c5 25. dxc6 bxc6 26. Qh5 Qd6 27. f4 Ng6 28. Bxg6 fxg6 29. Rxg6 Qxf4 1-0